| 000 | 00744nam a2200181 a 4500 | ||
|---|---|---|---|
| 003 | 0 | ||
| 005 | 20250514084446.0 | ||
| 008 | 970101s19uu xx 00 eng d | ||
| 050 |
_aPHS LC 316 _b.R67 2004 |
||
| 100 | _aRosales, Juan Paolo P. | ||
| 245 |
_aA Comparative study on religion as a subject in a Non-Secretarian and a Secretarian School as percieved by first year High School students / _cJuan Paolo P. Rosales. |
||
| 260 |
_aLas PiƱas City, Philippines : _bSouthville International School and Colleges, _c2004. |
||
| 300 |
_a45 pages : _billustrations ; _c28 cm. |
||
| 504 | _aIncludes bibliographical references. | ||
| 650 |
_aReligious education _zPhilippines. |
||
| 650 |
_aReligion in education _zPhilippines. |
||
| 942 |
_2lcc _cPASS |
||
| 999 |
_c97151 _d97151 |
||